000
00320nam a22001337a 4500
020
_a
978-93-81318-06-5
082
_a
894.812
_b
RAM/A
100
_a
Dr. K.R. RAMAN NAMBOOTHIRI
245
_a
ATHBUTHA OUSHADHACHEDIKAL
260
_a
THRICHUR
_b
H & C BOOKS
_c
2011
300
_a
142
650
_a
HEALTH CARE
_z
KERALA
942
_c
BK
999
_c
991
_d
991